000 01358nam a2200301Ia 4500
001 63345
003 IT-RoPAU
008 130308s9999 xx 000 0 und d
040 _aIT-RoPAU
040 _cIT-RoPAU
041 _aITALIANO
100 _aManetti Giovanni
100 _gCodice Aut. SPICS: 4263
245 _aTeorie del segno nell'antichità classica (Le)
245 _bTeorie del Segno nell'Antichita' Classica (Le)
250 _a1a ed.
260 _aMILANO
260 _bBompiani
260 _c1987 [1° Ed.:1987 - Ed.Ling.Originale:1987]
300 _a"288 p. (prefazione: 10; testo: 278)"
500 _aDivinazione e Cultura Mesopotamica Divinazione e Scrittura Scrittura degli dei Empirismo Divinatorio Divinazione Greca Divinazione Naturale o Artificiale Divinazione e Conoscenza Problema interpretativo Negli Oracoli Segni e Processi Semiotici nella medicina Greca Segni e Teoria del Linguaggio in Platone Linguaggio e Segni in Aristotele Teoria del Linguaggio e Semiotica degli Stoici Inferenza e Linguaggio in Epicuro De Signis di Filodemo Retorica Latina Rhetorica Ad Herennium di Cornificio Retorica di Cicerone Retorica di Quintiliano Sant'Agostino e teorie del Segno e del Linguaggio
650 _aSEMIOLOGIA
650 _eCodice materia Spics: 3251
942 _cBK
957 _71
999 _c66166
_d66166
999 _bSI
999 _g1